00527nam a22001697a 450000500170000001000150001702000260003203500140005803700130007208200080008510000230009324500990011626000470021527000430026230000280030570000240033320220902154031.0 aENG-128227 a9780916356811c400.00 aEN-111759 bDBAD/PUB a920 aSaradananda, Swami aSri Ramakrishna and his Divine Play/cby Swami Saradananda and Translated by Swami Chetananada aU.S.A.bVedanta Society of St. Louisc2003 a205 S. Skinker Blvd. St. LouisbU.S.A. a1003p.bIndexc24cm(hb) aChetanananda, Swami